000 00582nam a22001817a 4500
999 _c195000
_d195000
005 20230208104109.0
010 _aENG-136146
020 _c120.00
035 _aEN-119678
037 _bDBAD/PUB
082 _a346.54
100 _aSubramaniyam, Ravi
245 _aStreet Vendors ACt, 2014:
_bProtection of Livelihood Regulation of Street Vending/
_cRavi Subramaniyam
260 _aChennai
_bCTC Publications Pvt. Ltd
_c2011
270 _a5-B, Sanskrit College Street, Mylapore
_bChennai
_e600004
300 _a130p.
_c20cm(pbk)
942 _2ddc
_cEN
_h346.54
_mSUB